000 00553nam a2200229Ia 4500
003 OSt
005 20221005122324.0
006 a|||||r|||| 00| 0
007 ta
008 221004b |||||||| |||| 00| 0 eng d
024 _a59888
037 _cTextual
040 _aCRL
_cCRL
_beng
041 _2eng
_aeng
082 _aV2:28wM04, C3
100 _aTemple Richard
_9100785
245 0 _aJames Thompson
260 _c1893
650 _aHISTORY
942 _hV2:28wM04, C3
_cTEXL
_2cc
999 _c1043934
_d1043934